00602nam a22001697a 450000500170000001000150001702000270003203500140005903700130007308200100008610000240009624501240012026000400024427001090028430000200039350000190041320190722130444.0 aENG-126033 a9788178443065c1495.00 aEN-109565 bDBAD/PUB a507.8 aKansal, Devinder K. aA textbook of sports science :cby Devinder K.Kansalbtest evaluation accreditation measurement and standards (teams) / aNew DelhibR.K. Pulblicationsc2018 a4806/24, Bharat Ram Road, Darya GanjbNew Delhie110002k011-23285167, 65185557minfo@kkpublications.com a603p.c24cm(Hb) aIncludes index